ბათუმის შოთა რუსთაველის სახელმწიფო უნივერსიტეტის ბიბლიოთეკა

კონსერვაციული ბიოლოგია და საქართველოს დაცული ტერიტორიები = Biological Conservation And Peotected Areas Of Georgia (ბიბ.ჩანაწერი № 40662)

000 -ლიდერი
ფიქსირებული სიგრძის საკონტროლო ველი 01363nam a2200241Ia 4500
001 - საკონტროლო ნომერი
საკონტროლო ველი 7290
003 - საკონტროლო ნომრის იდენტიფიკატორი
საკონტროლო ველი GE_BSU
005 - ბოლო ოპერაციის თარიღი და დრო
საკონტროლო ველი 20231117120739.0
008 - ფიქსირებული სიგრძის მონაცემთა ელემენტები - ზოგადი ინფორმაცია
ფიქსირებული სიგრძის საკონტროლო ველი 181216s2013||||ge |||||||||||||| ||geo||
020 ## - წიგნის საერთაშორისო სტანდარტული ნომერი
International Standard Book Number 9789941417089
040 ## - კატალოგიზაციის წყარო
Transcribing agency GE_BSU
041 ## - ენის კოდი
Language code of text/sound track or separate title geo
080 ## - უნივერსალური ათობითი კლასიფიკაციის ინდექსი
Universal Decimal Classification number 574(075.8) ჟ-64
100 ## - მთავარი ჩანაწერი - პიროვნების სახელი
Personal name ჟორჟოლიანი, ცირა
9 (RLIN) 4979
245 ## - ცნობა სათაურის შესახებ
Title კონსერვაციული ბიოლოგია და საქართველოს დაცული ტერიტორიები = Biological Conservation And Peotected Areas Of Georgia
Statement of responsibility, etc ცირა ჟორჟოლიანი, ემზარ გორდაძე ; რედ. ხათუნა წიკლაური.
264 ## - წარმოების, გამოცემის, დისტრიბუციის და სხვა ცნობები
გამოცემის, წარმოების, დისტრიბუციის... ადგილი ქუთაისი :
გამოცემის, წარმოების, დისტრიბუციის... სახელწოდება აკაკი წერეთლის სახელმწიფო უნ-ტის გამ-ბა.
გამოცემის, წარმოების, დისტრიბუციის... თარიღი 2013.
300 ## - ფიზიკური აღწერა
Extent 508 გვ. :
Other physical details სურ. ცხრ. ;
Dimensions 20 სმ.
653 ## - INDEX TERM--UNCONTROLLED
Uncontrolled term ბიოლოგია
653 ## - INDEX TERM--UNCONTROLLED
Uncontrolled term კონსერვაციული ბიოლოგია და საქართველოს დაცული ტერიტორიები
700 ## - ADDED ENTRY--PERSONAL NAME
Personal name გორდაძე, ემზარ
Relator term ავტორი
9 (RLIN) 4980
700 ## - ADDED ENTRY--PERSONAL NAME
Personal name წიკლაური, ხათუნა
Relator term რედაქტორი
9 (RLIN) 20420
942 ## - ADDED ENTRY ELEMENTS (KOHA)
Koha item type წიგნი
Source of classification or shelving scheme
ეგზემპლარები
ჩამოწერის სტატუსი დაკარგული ეგზემპლარის სტატუსი კლასიფიკაციის წყარო ან თაროზე გაწყობის სქემა დაზიანების სტატუსი არ გაიცემა მუდმივი მდებარეობა (დაცვის ადგილი) ამჟამინდელი ადგილსამყოფელი თაროზე განთავსების ადგილი შეძენის თარიღი სრული შენახვის შიფრი შტრიხკოდი ბოლო ოპერაციის თარიღი ეგზემპლარის მიმდევრობითი ნომერი (კეტერი?) ფასის ძალაში შესვლის თარიღი ეგზემპლარის სახეობა
          ბათუმის შოთა რუსთაველის სახელმწიფო უნივერსიტეტის მთავარი ბიბლიოთეკა ბათუმის შოთა რუსთაველის სახელმწიფო უნივერსიტეტის მთავარი ბიბლიოთეკა წიგნსაცავი 2018-12-17 574(075.8) ჟ-64 23146 2018-12-17 23146 2018-12-17 წიგნი